000 00542 a2200205 4500
005 20260401114808.0
008 260325b |||||||| |||| 00| 0 eng d
020 _a9788195237289
_cRs. 1495.00
040 _aMAIN
082 _a575.1
_bR186F
100 _aRastogi, Veer Bala
245 _aFundamentals of genetics
260 _bMedTech Science Press
_aNew Delhi
_c2022
300 _axxx, 766
650 _aMolecular Genetics
650 _aHuman Genetics
650 _aGenetic Engineering
700 _aRastogi, Nirvika
942 _cBK
999 _c396796
_d396796